000 00697nam a22001337a 4500
040 _cRUA
082 _aAGR SOR 2013 B056 Or.1
100 _aSOR SARIKA
245 _aChemical and biologycal control on fusarium in tomato seedbed, (ការប្រើវិធានការគីមី និងជីវសាស្រ្តក្នុងការកម្ចាត់ផ្សិតហ្វុយសារីយ៉ូម នៅលើថ្នាលចណ្ដុះកូនប៉េងប៉ោះ)
260 _aphnom penh
_bRUA
_c2013
300 _axiii, 53p.
_bill.
_c29cm.
856 _uhttps://drive.google.com/file/d/1GZdb2wWEQFoVAPd5HQG2UJkG9eU59pKA/view?usp=sharing
942 _cAGR
999 _c1383
_d1383